Introduction to Internet of Things and its Applications (Record no. 2073)
[ view plain ]
| 000 -LEADER | |
|---|---|
| fixed length control field | 00319nam a2200133Ia 4500 |
| 008 - FIXED-LENGTH DATA ELEMENTS--GENERAL INFORMATION | |
| fixed length control field | 230523s9999 xx 000 0 und d |
| 100 ## - MAIN ENTRY--PERSONAL NAME | |
| Main Author Name | Pandey, P.K. |
| 245 #0 - TITLE STATEMENT | |
| Title | Introduction to Internet of Things and its Applications |
| 260 ## - PUBLICATION, DISTRIBUTION, ETC. | |
| Place of publication | Allahabad |
| 260 ## - PUBLICATION, DISTRIBUTION, ETC. | |
| publisher Name | T. Balaji |
| 260 ## - PUBLICATION, DISTRIBUTION, ETC. | |
| Date of publication | 2021 |
| 300 ## - PHYSICAL DESCRIPTION | |
| Number Of Page | 424 |
| 942 ## - ADDED ENTRY ELEMENTS (KOHA) | |
| Koha item type | Reference Book |
| Lost status | Not for loan | Home library | Current library | Date last seen | Koha item type | School | Total Checkouts | Barcode | Date last checked out | Cost, replacement price | Price effective from | Withdrawn status | Date acquired | Source of acquisition | Cost, normal purchase price | Discount | Bill Date | Bill No | Net Amount |
|---|---|---|---|---|---|---|---|---|---|---|---|---|---|---|---|---|---|---|---|
| BGU Central Library | BGU Central Library | 17/10/2023 | Reference Book | School of Applied Sciences | 2 | 11661 | 27/09/2023 | 179.00 | 23/05/2023 | 20/07/2022 | Amazon (Online) | 179.00 | 2022-07-14 | 2616 | 179.00 |

2cqr automation private limited, Chennai. All Rights Reserved.